000 00598nam a2200181Ia 4500
008 100921s9999 xx 000 0 und d
082 _b9387
_a891.463 थ 71
100 _aमाडखोलकर ग.त्र्यं.
245 _aनवे संसार.
260 _bमनोरंजन ग्रंथभाला,पुणे.
_c1971
300 _a338
_b---
365 _b12.5
520 _aललित-कादंबरी.
630 _aनवे संसार.
650 _aललित-कादंबरी.
730 _aनवे संसार.
942 _cBOOK
999 _c758500
_d758497